LEADER 01518nam a2200277 u 4500 001 000000005648 003 CaOOAMICUS 005 20070226104802.0 008 940914s1976 it u000 u ita u 035 $a10143926 040 $aPUL(R)$bita 100 1 $aAddante, Pietro,$cO.M.$0(OLS)http://pul/name/5808 245 10$aAlessandro Marini e la polemica su Pietro Bayle nella filosofia del '700 :$bcontributo di ricerche storico-filosofiche sul '700 /$cPietro Addante. 260 $aBari :$bCentro Ricerche Storico-Filosofiche,$c1976. 300 $a118 p. ;$c21 cm 490 1 $aQuaderni di ricerche storiche e filosofiche.$aSerie calabra 600 14$aBayle, Pierre,$d1647-1706.$0(OLS)http://pul/subject/5128 650 4$aFilosofia moderna$xCritica e interpretazione.$0(OLS)http://pul/subject/5129 830 0$aQuaderni di ricerche storiche e filosofiche.$pSerie calabra.$0(OLS)http://pul/title/8276 850 $aPUL 852 $aPUL$W1$xDP1 Fondo Giannini$y60$m1557 G 25$j7901$nBK-PRI$b $qFondi$B7901$CPULBib$Z2$F7901 $H $81 852 $aPUL$W1$xDP1 Filosofia 1$y19$m590 E 7$j139515$a2. copia$qStampati$B138720$CPULBib$Z2$F138720 $H42324 $82 941 1 $a1 941 1 $a8 996 $6245$aAlessandro Marini e la polemica su Pietro Bayle nella filosofia del '700 :$bcontributo di ricerche storico-filosofiche sul '700$9(OLS)http://pul/title/8275 996 $6260$aBari :$bCentro Ricerche Storico-Filosofiche$9(OLS)http://pul/publisher/50955 LEADER 01709nas a2200385 u 4500 001 000000083306 003 CaOOAMICUS 005 20070226123945.0 008 050502c19259999fr ar p u0 u fre u 035 $a11044171 040 $aPUL$bita 041 0 $afre$aeng 130 0 $aRecueil des cours$g[Spogli].$0(OLS)http://pul/title/108635 245 10$aRecueil des cours /$cAcademie de droit international. 246 31$aCollected courses of the Hague Academy of International Law 260 $aParis :$bHachette,$c1925- 300 $av. :$britr. ;$c24 cm 310 $a5 volumi annui 321 $aAnnuale 362 0 $aTome 1 (1923)- 500 $aL'editore e la periodicità variano. 500 $aPubblicazione sospesa negli anni 1940-1946. 500 $aNel t.125 (1968) il titolo compare anche in inglese. 546 $aTesti in francese e inglese. 550 $aPubblicata con il concorso della Dotation Carnegie pour la paix international. 650 4$aDiritto internazionale$xPeriodici.$0(OLS)http://pul/subject/5159 650 4$aDiritti umani$vPeriodici.$0(OLS)http://pul/subject/19972 710 2 $aAcademie de droit international de La Haye.$0(OLS)http://pul/name/28979 710 2 $aCarnegie Endowment for International Peace.$0(OLS)http://pul/name/41012 850 $aPUL 852 $aPUL$W1$xSL Riviste Correnti$y14$mSL341.05Riv.6/DP1382.C$j105999$nSE-PRI$bT.1 (1923)-$qPeriodici$B105999$CPULBib$Z2$F105999 $82 941 1 $a5 996 $6245$aRecueil des cours$9(OLS)http://pul/title/108636 996 $6246$aCollected courses of the Hague Academy of International Law$9(OLS)http://pul/title/108637 996 $6260$aParis :$bHachette$9(OLS)http://pul/publisher/48314